Le Portugal de A à Z - Statistiques

Statistiques générales
  • Ce quiz a été pris 759 fois
  • Le résultat moyen est 9 sur 23
Statistiques - réponses
Lettre Indice Réponse % Correct
R Le plus grand footballeur portugais, 5 fois Ballon d'Or Ronaldo
91%
B Célèbre club de football de la capitale, vainqueur de la LDC 1961 Benfica
89%
M Archipel portugais dont l'aéroport est nommé d'après la réponse R Madère
78%
F Grand joueur du Real Madrid, Ballon d'Or en 2000 Figo
69%
P La plus célèbre des pâtisseries portugaises Pastéis de Nata
58%
G Ancienne colonie portugaise en Afrique du l'Ouest Guinée-Bissau
57%
L Nom du stade lisboète dans lequel se déroula le "final 8" en 2020 Luz
55%
S Premier ministre portugais durant la période historique en E Salazar
55%
J Révélation du football portugais, évoluant en 2022 à Liverpool Jota
53%
N Joueur portugais de Manchester United de 2007 à 2015 Nani
53%
U Nom donné par les Portugais aux grappes de raisin Uvas
40%
D "Grandes" périodes dans lesquelles s'est illustré le Portugal Découvertes
33%
C Poète portugais borgne de la Renaissance Camões
28%
W Capitale du pays auquel le pays céda la base açoréenne en 1943 Washington
24%
T Traité découpant l'Amérique du Sud entre Espagnols et Portugais Tordesillas
23%
O Spécialité de la ville d'Aveiro, composé de jaune d'oeufs et d'ostie Ovos Moles
20%
V Ville du Nord du pays, souvent associé à une célèbre comptine Viseu
20%
E Période de dictature de 1926 à 1974 Estado Novo
17%
Q Grand poète portugais, décédé en 1900 Queiros
7%
X Siècle où le pays arrive à son apogée XVIème
7%
I Cri donnant son nom à la révolte brésilienne de 1820 Ipiranga
2%
A Traité qui officialise la naissance du Portugal Alcañices
1%
H Sport peu connu où les Portugais s'illustrent par leurs victoires Hockey sur patins à roulettes
1%
Aucun quiz correspondant
Distribution des résultats
% des personnes avec chaque résultat
Percentile par nombre de réponses
Votre historique - résultats
Vous n’avez pas pris ce quiz